000 01249cam a22002054a 4500
005 20250605164234.0
008 250528s ||||||||||||||||||||||||d
035 _a21078
020 _a9780140125269
040 _aGR-AtMCL
_bgre
_dGR-AtMCL
_eAACR2
245 1 _aLocal Government in Britain / Everyone's Guide to How It All Works
250 _a5th
260 _bPenguin Books,
_c1990
300 _a468
520 _aWe all rely on local government to protect us from crime, fire and environmental dangers, to provide education, health care, housing and sport facilities, yet many people are astoundingly ignorant of how it all works. Glossary, Prefaces, Recent Landmarks, What Local Government Is, An Evolving System, The Structure of Local Government, The Functions of Local Government, London's Local Government, Local Government Elections, The Political Parties, The Counsellors, Internal Organization: The Council and Its Committees, Internal Organization: The Officers, Finance, Controls and Influences, Local Government and the Local Community, Into the Nineties: Managing (More) Change, Appendixes, Notes and References, Further Reading, Index.
700 1 _aByrne Tony
_97112
942 _cBK
999 _c6149
_d6149